Statistics for Newly industrialized country (NICs) as of 2013

Click here to take the quiz!

General Stats

  • This quiz has been taken 45 times
  • The average score is 9 of 10

Answer Stats

HintAnswer% Correct
Asia & EuropeTurkey
100%
South AmericaBrazil
98%
North AmericaMexico
95%
AsiaIndonesia
95%
AficaSouth Africa
93%
AsiaChina
90%
AsiaIndia
90%
AsiaMalaysia
88%
AsiaThailand
88%
AsiaPhilippines
66%

Score Distribution

Percentile by Number Answered

Percent of People with Each Score

Your Score History

You have not taken this quiz